[Event "IND-chT 35th"]
[Site "Goa"]
[Date "2015.02.21"]
[Round "3"]
[White "Anant, Prabhudesai"]
[Black "Visakh, Narayanan Rajeswari"]
[Result "0-1"]
[WhiteElo "1778"]
[BlackElo "2375"]
[PlyCount "116"]
[EventDate "2015.02.20"]
[EventType "team-swiss"]
[EventRounds "9"]
[EventCountry "IND"]
[SourceTitle "CBM 165 Extra"]
[Source "ChessBase"]
[SourceDate "2015.04.21"]
[SourceVersion "1"]
[SourceVersionDate "2015.04.21"]
[SourceQuality "1"]
[WhiteTeam "Goa State II"]
[BlackTeam "Airports Authority"]
[WhiteTeamCountry "IND"]
[BlackTeamCountry "IND"]

1. e4 c5 2. Nf3 d6 3. d4 cxd4 4. Nxd4 Nf6 5. Nc3 a6 6. Be3 e5 7. Nb3 Be6 8. h3 Be7 9. Qf3 Nbd7 10. g4 h6 11. 0-0-0 Rc8 12. Kb1 Rxc3 13. bxc3 Qc7 14. Bc1 Nb6 15. Rg1 Na4 16. Bb2 Nxb2 17. Kxb2 Nd7 18. c4 Nb6 19. Nd2 Na4+ 20. Ka1 b5 21. Be2 0-0 22. Qg3 bxc4 23. Qa3 Qa5 24. Rg3 d5 25. Qxe7 Nc3 26. Rxc3 Qxc3+ 27. Kb1 Rb8+ 28. Nb3 cxb3 29. cxb3 d4 30. Qd6 Rc8 31. Qxa6 Bxb3 32. Qxc8+ Qxc8 33. axb3 Qb7 34. Ka2 Qxe4 35. Bd3 Qa8+ 36. Kb2 Qf3 37. Rc1 Qxd3 38. b4 Qd2+ 39. Rc2 Qxb4+ 40. Kc1 Qe1+ 41. Kb2 d3 42. Rc8+ Kh7 43. Rd8 d2 44. Kc2 Qc1+ 45. Kb3 d1R 46. Rxd1 Qxd1+ 47. Ka2 Kg6 48. h4 Kf6 49. g5+ hxg5 50. hxg5+ Ke6 51. g6 f5 52. f4 e4 53. Ka3 e3 54. Kb2 e2 55. Ka3 Qb1 56. Ka4 Qb2 57. Ka5 e1R 58. Ka6 Ra1# 0-1